000 00890nam a2200253 i 4500
001 180850
003 ES-MaACL
005 20250821102028.0
008 120719s1991 sp ao |||| | spa d
020 _a84-7679-199-2
080 _a7.031.1(460.32)
100 1 _aFernández-Miranda, Manuel.
_949928
245 1 0 _aArte prehistórico en las Baleares /
_cpor Manuel Fernández-Miranda.
260 _aMadrid :
_bHistoria Viva,
_c[1991]
300 _aVIII, 31 p. :
_bil. col. y n. ;
_c24 cm.
490 1 _aCuadernos de arte español ;
_v50
504 _aBibliografía: p. 31.
594 _aEn cub.: Historia 16.
650 7 _aArte prehistórico-
_zBaleares (Comunidad Autónoma)
_9151084
651 4 _aBaleares (Comunidad Autónoma)-
_xRestos arqueológicos.
_9151279
830 0 0 _aCuadernos de arte español
_v50
_9191338
852 _aES-MaACL
_j2314-F-26
999 _c180850
_d180850